رباعيات عمر الخيام المصورة ;; Rubāʿīyāt ʿUmar al-Khayyām al-muṣawwarah / (Record no. 78455)
[ view plain ]
| 000 -LEADER | |
|---|---|
| fixed length control field | 01339nam a2200277 a 4500 |
| 001 - CONTROL NUMBER | |
| control field | 78455 |
| 003 - CONTROL NUMBER IDENTIFIER | |
| rucl marc code | BD-RjUL |
| 005 - DATE AND TIME OF LATEST TRANSACTION | |
| control field | 20211209083130.0 |
| 008 - FIXED-LENGTH DATA ELEMENTS--GENERAL INFORMATION | |
| fixed length control field | 210923s2005 le a 00000 ara d |
| 035 ## - SYSTEM CONTROL NUMBER | |
| System control number | (BD-RjUL)78681 |
| 040 ## - CATALOGING SOURCE | |
| Original cataloging agency | NN |
| Transcribing agency | NN |
| Modifying agency | UkOxU |
| Language of cataloging | eng |
| 041 ## - LANGUAGE CODE | |
| Language code of text/sound track or separate title | ara |
| 082 ## - DEWEY DECIMAL CLASSIFICATION NUMBER | |
| Edition number | 23 |
| Classification number | 892.71 |
| Author mark and year | OMR 2005 |
| 100 0# - MAIN ENTRY--PERSONAL NAME | |
| Personal name | عمر خيام.;; Omar Khayyam. |
| Dates associated with a name | 1048-1131 |
| 9 (RLIN) | 248397 |
| 245 10 - TITLE STATEMENT | |
| Title | رباعيات عمر الخيام المصورة ;; Rubāʿīyāt ʿUmar al-Khayyām al-muṣawwarah / |
| Statement of responsibility, etc. | تعريب أحمد الصافي النجفي ؛ تقديم محمد عزت نصر الله ؛ رسوم لأكبر التجويدي. ;; taʿrīb Aḥmad al-Ṣāfī al-Najafī ; taqdīm Muḥammad ʿIzzat Naṣr Allāh ; rusūm li-Akbar al-Tajwīdī. |
| 260 ## - PUBLICATION, DISTRIBUTION, ETC. (IMPRINT) | |
| Place of publication, distribution, etc. | Iran : |
| Name of publisher, distributor, etc. | المشرق للثقافة والنشر,, |
| Date of publication, distribution, etc. | 2005 |
| 300 ## - PHYSICAL DESCRIPTION | |
| Pagination | 141 p. : |
| Illustrations | ill., col. plates ; |
| Size | 20 cm. |
| 650 ## - SUBJECT ADDED ENTRY--TOPICAL TERM | |
| Topical term or geographic name as entry element | شعر عربي |
| 9 (RLIN) | 246933 |
| Topical term or geographic name as entry element | Arabic poetry |
| 9 (RLIN) | 248398 |
| 700 1# - ADDED ENTRY--PERSONAL NAME | |
| Personal name | نجفي، أحمد الصافي.Ṣāfī al-Najafī, Aḥmad, |
| Dates associated with a name | 1897- |
| Personal name | نصر الله، محمد.;; Naṣr Allāh, Muḥammad ʿIzzat. |
| Personal name | تجويدي، أكبر.;;Tajwīdī, Akbar. |
| 942 ## - ADDED ENTRY ELEMENTS (KOHA) | |
| Source of classification or shelving scheme | Dewey Decimal Classification |
| Koha item type | Books |
| Lost status | Source of classification or shelving scheme | Damaged status | Not for loan | Collection code | Permanent Location | Current Location | Shelving location | Date acquired | Source of acquisition | Cost, normal purchase price | Total Checkouts | Full call number | Date last seen | Copy number | Koha item type |
|---|---|---|---|---|---|---|---|---|---|---|---|---|---|---|---|
| Dewey Decimal Classification | Not For Loan | Non-fiction | Central Library, University of Rajshahi | Central Library, University of Rajshahi | Reading Room | 11/07/2007 | Pargon International, Dhaka | 4.50 | A 892.71 OMR 2005 | 23/09/2021 | C-1 | Books |